000 00399nab a22001097u 4500
008 130520b2011 xxu||||| |||| 00| 0 spa d
041 _aspa
100 1 _aGómez Iglesias, Carlos
_982272
245 0 0 _aDocumentos de la Iglesia con referencia a la salud psicológica del sacerdote
_cCarlos Gómez Iglesias
773 0 _tCompostellanum
_gV.56, nº1-4,2011,págs. 875-902
_x0573-2018
_wRev130
942 _cAR
999 _c419312
_d419312